| 000 | 00667cam a22002293a 4500 | ||
|---|---|---|---|
| 001 | 41684 | ||
| 003 | PGUSA | ||
| 005 | 20140828083936.0 | ||
| 008 | 121221s2012||||xxu|||||s|||||000 | eng d | ||
| 040 |
_aPGUSA _beng |
||
| 042 | _adc | ||
| 050 | 4 | _aDF | |
| 100 | 1 | _aKarolidis, Pavlos | |
| 245 | 1 | 0 |
_aΕγχειρίδιον Βυζαντινής Ιστορίας _h[electronic resource] / _cPavlos Karolidis |
| 260 |
_bProject Gutenberg, _c2012 |
||
| 506 | _aPublic domain in the USA. | ||
| 516 | _aElectronic text | ||
| 653 | _aByzantine Empire -- History | ||
| 830 | 0 |
_aProject Gutenberg _v41684 |
|
| 856 | 4 | 0 | _uhttp://www.gutenberg.org/ebooks/41684 |
| 942 | _cEB | ||
| 999 |
_c270936 _d270936 |
||